It's Going Down - Descendants Lyrics - Statistics

General Stats
  • This quiz has been taken 402 times
  • The average score is 401 of 498
Answer Stats
Answer % Correct
I
100%
a
98%
the
97%
do
95%
go
95%
it
95%
You
95%
you
95%
let
94%
no
94%
No
94%
down
93%
going
93%
he
93%
It's
93%
it's
93%
Let's
93%
let's
93%
we
93%
We
93%
be
91%
Don't
91%
don't
91%
is
91%
not
91%
or
91%
Or
91%
to
91%
your
91%
Your
91%
for
90%
An
89%
get
89%
give
89%
Give
89%
me
89%
what
89%
and
88%
And
88%
I'll
88%
king
88%
this
88%
have
87%
wand
87%
him
86%
If
86%
if
86%
make
86%
on
86%
up
85%
want
84%
better
83%
Better
83%
crown
83%
There's
83%
here
82%
move
82%
out
82%
Now
81%
now
81%
time
81%
that
80%
That
80%
You'll
80%
running
79%
should
79%
started
79%
Then
79%
us
79%
way
79%
all
78%
All
78%
I'm
78%
one
78%
party
78%
So
78%
look
77%
need
77%
walk
77%
with
77%
bring
76%
gone
76%
Just
76%
just
76%
mouth
76%
plank
76%
Uma
76%
watch
76%
cold
75%
else
75%
hearted
74%
Mal
74%
really
74%
swear
73%
Oh-oh
72%
oh-oh
72%
Peace
72%
sharks
72%
war
72%
we're
72%
We're
72%
hard
71%
over
71%
smart
71%
trade
71%
chance
70%
them
70%
can
69%
choose
69%
gonna
69%
guess
69%
must
69%
of
69%
our
69%
right
69%
any
68%
bite
68%
has
68%
hesitation
68%
bark
67%
come
67%
'em
67%
harm
67%
Hey
67%
how
67%
pirate
67%
swim
67%
tonight
67%
ask
66%
back
66%
crew
66%
debatin'
66%
lose-lose
66%
Put
66%
put
66%
situation
66%
than
66%
Who's
66%
at
65%
killer
65%
promise
65%
remain
65%
some
65%
throw
65%
Although
64%
baddest
64%
finding
64%
hand
64%
long
64%
motivation
64%
much
64%
patient
64%
pound
64%
swords
64%
try
64%
whatever
64%
worse
64%
Ben's
63%
face
63%
overboard
63%
reservation
63%
gotta
62%
negotiation
62%
serve
62%
stand
62%
think
62%
apart
61%
demonstration
61%
ground
61%
Okay
61%
VK's
61%
ways
61%
yourself
61%
deal
59%
do-or-die
59%
intimidate
59%
prepared
59%
ripped
59%
Unless
59%
Well
59%
whole
59%
fuse
58%
Harry
58%
that's
58%
wanna
58%
he'll
57%
Silly
57%
takes
57%
conversation
56%
Release
56%
light
55%
separate
55%
big
54%
speech
54%
say
53%
chill
51%
wrong
49%
humiliate
48%
ultimatum
48%
either
46%
empty
45%
You're
45%
eliminate
41%
swing
40%
Matter
37%
even
36%
fact
36%
starts
34%
debilitate
32%
slip
24%
No matching quizzes found
Score Distribution
Percent of People with Each Score
Percentile by Number Answered
Your Score History
You have not taken this quiz